00318nam a2200133Ia 450000500170000000800410001702000070005808200130006524500310007826000370010930000130014665000130015965000120017220240626032027.0240331s9999 xx 000 0 und d a  a028bMAR 4aThe Sinhala reading public aSri LankabMarga Institutec1974 a70 p .,  aLanguage areading